Central Library OPAC University of Rajshahi

The radical tradition : (Record no. 33590)

MARC details
000 -LEADER
fixed length control field 00919nam a22002771 4500
001 - CONTROL NUMBER
control field 33590
003 - CONTROL NUMBER IDENTIFIER
rucl marc code BD-RjUL
005 - DATE AND TIME OF LATEST TRANSACTION
control field 20211209052030.0
008 - FIXED-LENGTH DATA ELEMENTS--GENERAL INFORMATION
fixed length control field 140510s1964 enk b 000 0 eng d
035 ## - SYSTEM CONTROL NUMBER
System control number (BD-RjUL)33681
040 ## - CATALOGING SOURCE
Original cataloging agency DLC
Transcribing agency DLC
Modifying agency DLC
-- BD-RjUL
Language of cataloging eng
041 ## - LANGUAGE CODE
Language code of text/sound track or separate title eng
082 00 - DEWEY DECIMAL CLASSIFICATION NUMBER
Classification number 335.042
Author mark and year TAR 1964
100 1# - MAIN ENTRY--PERSONAL NAME
Personal name Tawney, R. H.
Fuller form of name (Richard Henry),
Dates associated with a name 1880-1962.
9 (RLIN) 6154
245 14 - TITLE STATEMENT
Title The radical tradition :
Remainder of title twelve essays on politics, education, and literature /
Statement of responsibility, etc. Edited by Rita Hinden.
260 ## - PUBLICATION, DISTRIBUTION, ETC. (IMPRINT)
Place of publication, distribution, etc. London :
Name of publisher, distributor, etc. George Allen & Unwin Ltd,
Date of publication, distribution, etc. 1964.
300 ## - PHYSICAL DESCRIPTION
Pagination 214 p. ;
Size 22 cm.
504 ## - BIBLIOGRAPHY, ETC. NOTE
Bibliography, etc Bibliographical footnotes.
650 #0 - SUBJECT ADDED ENTRY--TOPICAL TERM
Topical term or geographic name as entry element Socialism
Geographic subdivision Great Britain.
9 (RLIN) 10731
Topical term or geographic name as entry element Education
Geographic subdivision Great Britain.
9 (RLIN) 101932
651 #0 - SUBJECT ADDED ENTRY--GEOGRAPHIC NAME
Geographic name Great Britain
General subdivision Politics and government
Chronological subdivision 20th century.
9 (RLIN) 5828
700 1# - ADDED ENTRY--PERSONAL NAME
Personal name Hinden Rita
942 ## - ADDED ENTRY ELEMENTS (KOHA)
Source of classification or shelving scheme Dewey Decimal Classification
Koha item type Books
Holdings
Lost status Source of classification or shelving scheme Damaged status Not for loan Collection code Permanent Location Current Location Shelving location Date acquired Source of acquisition Cost, normal purchase price Total Checkouts Full call number Date last seen Copy number Koha item type Date checked out
  Dewey Decimal Classification   Not For Loan Non-fiction Central Library, University of Rajshahi Central Library, University of Rajshahi Reading Room 03/10/1973 Provincical Book Depo 38.40   335.042 TAR 1964 10/05/2014 C-1 Books  
  Dewey Decimal Classification     Non-fiction Central Library, University of Rajshahi Central Library, University of Rajshahi   10/09/1969 Zeitlinger   8 335.042 TAR 1964 01/07/2014 C-2 Books 01/07/2014
  Dewey Decimal Classification     Non-fiction Central Library, University of Rajshahi Central Library, University of Rajshahi   10/09/1969 Zeitlinger     335.042 TAR 1964 08/06/2014 C-3 Books